KOHA-Header-6

High-Performance Computer Architecture (Record no. 6646)

000 -LEADER
fixed length control field 00278nam a2200109Ia 4500
100 ## - MAIN ENTRY--AUTHOR NAME
Personal name Stone,Harold S.
245 #0 - TITLE STATEMENT
Title High-Performance Computer Architecture
260 ## - PUBLICATION, DISTRIBUTION, ETC. (IMPRINT)
Place of publication New York
Name of publisher Mc Graw Hill
Year of publication 1993
300 ## - PHYSICAL DESCRIPTION
Number of Pages 512
942 ## - ADDED ENTRY ELEMENTS (KOHA)
Koha item type Books
Holdings
Withdrawn status Lost status Collection code Permanent Location Current Location Shelving location Date acquired Full call number Accession Number Koha item type
    Electrical Engineering MAJU MAJU Shelf No.A25 2019-09-11 004.22 35 Electrical Engineering

Powered by Koha